Vista normal Vista MARC

Entrada Personal Name

Número de registros utilizados en: 1

001 - CONTROL NUMBER

  • control field: 40915

003 - CONTROL NUMBER IDENTIFIER

  • control field: OSt

005 - DATE AND TIME OF LATEST TRANSACTION

  • control field: 20211004161102.0

008 - FIXED-LENGTH DATA ELEMENTS

  • fixed length control field: 211004|| aca||aabn | a|a d

040 ## - CATALOGING SOURCE

  • Original cataloging agency: OSt
  • Transcribing agency: OSt

100 ## - HEADING--PERSONAL NAME

  • Personal name: Aubad, Rafael

670 ## - SOURCE DATA FOUND

  • Source citation: Work cat.: (OSt)12630: Arango, Mariano, autor 28773, Bonanza de precios y transformaciones en la industria cafetera. Antioquia, 1975-1980, 1983